Las asociaciones econm̤icas no cooperativas de la agricultura familiar

La agricultura familiar es un actor social relevante del sector agropecuario argentino. Entre sus principales caracters̕ticas se resalta que representa el 66% de los productores del pas̕, que aportan ms̀ del 20 % del valor total de la produccin̤ agropecuaria. Se destaca por el impacto social y ambie...

Descrición completa

Gardado en:
Detalles Bibliográficos
Outros autores: Lattuada Mario, Publicaciones / Instituto Interamericano de Cooperacin̤ para la Agricultura (IICA)
Formato: Libro
Idioma:Lingua castelá
Subjects:
Acceso en liña:Las asociaciones econm̤icas no cooperativas de la agricultura familiar
Tags: Engadir etiqueta
Sen Etiquetas, Sexa o primeiro en etiquetar este rexistro!

MARC

LEADER 00000nam a22000004a 4500
001 vpro9984
005 20201223000000.0
008 160520s2016 ck # g## #001 0#spa#d
020 |a 978-987-521-506-1 
022
040 |a CO-BoINGC 
041 0 |a spa 
245 1 0 |a Las asociaciones econm̤icas no cooperativas de la agricultura familiar 
246 |a The Non-cooperative Economic Associations of Family Agriculture 
264 |a Bogot ̀(Colombia) :  |b Revista VirtualPRO,  |c 2016 
520 3 |a La agricultura familiar es un actor social relevante del sector agropecuario argentino. Entre sus principales caracters̕ticas se resalta que representa el 66% de los productores del pas̕, que aportan ms̀ del 20 % del valor total de la produccin̤ agropecuaria. Se destaca por el impacto social y ambiental que genera, entre los que sobresalen el aporte a la soberana̕ y seguridad alimentaria, la generacin̤ de empleo, la cultura, la identidad, el arraigo rural, el mantenimiento del equilibrio social y espacial y la conservacin̤ ambiental, entre otros.Este documento tiene por objeto estudiar los procesos de gestacin̤ y consolidacin̤ de las asociaciones econm̤icas no cooperativas de la agricultura familiar en Argentina a partir del relevamiento, la sistematizacin̤ y el anl̀isis de la informacin̤ brindada por diferentes experiencias asociativas en los territorios, as ̕como extraer enseąnzas que puedan resultar de utilidad en la generacin̤ de futuras estrategias e instrumentos de extensin̤ y desarrollo rural. 
650 \ \ |a Agricultura 
650 \ \ |a Agriculture 
650 \ \ |a agricultura 
650 \ \ |a agricultura familiar 
650 \ \ |a asociaciones econm̤icas no cooperativas 
650 \ \ |a experiencias asociativas 
650 \ \ |a procesos de gestacin̤ y gestin̤ 
650 \ \ |a institucionalidad 
650 \ \ |a actividades econm̤icas 
650 \ \ |a valor agregado 
650 \ \ |a alianzas asociativas 
650 \ \ |a Argentina 
650 \ \ |a agriculture 
650 \ \ |a family agriculture 
650 \ \ |a non-cooperative economic associations 
650 \ \ |a associative experiences 
650 \ \ |a gestation and management processes 
650 \ \ |a institutionalization 
650 \ \ |a economic activities 
650 \ \ |a added value 
650 \ \ |a associative partnerships 
650 \ \ |a Argentina  
700 \ \ |a Lattuada Mario  
700 \ \ |a Publicaciones / Instituto Interamericano de Cooperacin̤ para la Agricultura (IICA) 
856 |z Las asociaciones econm̤icas no cooperativas de la agricultura familiar  |u https://virtualpro.unach.elogim.com/biblioteca/las-asociaciones-economicas-no-cooperativas-de-la-agricultura-familiar